Digitaltechnik - Verknüpfungsbausteine - Statistiken

Allgemein
  • Dieses Quiz wurde 56 mal gespielt
  • Das Durchschnittsergebnis liegt bei 25 aus 26
Antwortstatistiken
b a x % Korrekt
0 0 0
100%
0 1 0
97%
1 0 0
97%
0 0 0
97%
1 1 0
97%
0 1 0
97%
1 0 0
97%
1 1 0
97%
0 0 0
97%
1 1 0
97%
0 1 0
97%
1 1 1
97%
0 1 1
97%
1 0 1
97%
1 1 1
97%
0 0 1
97%
0 1 1
97%
1 0 1
97%
0 0 1
97%
0 1 1
97%
1 0 1
97%
0 0 1
97%
1 0 0
93%
- 1 0
93%
1 1 1
93%
- 0 1
93%
Keine übereinstimmenden Quizze gefunden
Verteilung der Resultate
Anzahl Personen mit jedem Resultat
Perzentil nach korrekt beantworteten Fragen
Ihre Resultats-Entwicklung
Sie haben dieses Quiz noch nicht gespielt